Responses to dynamic leg exercise in man as influenced by changes in muscle perfusion pressure /

Bibliographic Details
Main Author: Eiken, Ola
Format: Book
Language:English
Published: Oxford [Oxfordshire] ; Boston : Published for the Scandinavian Physiological Society by Blackwell Scientific Publications, 1987.
Series:Acta physiologica Scandinavica. Supplementum ; 566.
Subjects:

MARC

Tag First Indicator Second Indicator Subfields
LEADER 00000cam a2200000 a 4500
001 in00000016672
005 20151007052830.0
008 880111s1987 enka b 00010 eng d
020 |a 9179003443 (pbk) 
035 |a (OCoLC)17332503 
035 |9 AAA9366AM 
040 |a CUN  |c CUN  |d AGL  |d TXA  |d UtOrBLW 
049 |a TXAM  |c [A11050594] 
050 4 |a QP1  |b .A262 no.566 
070 0 |a QP1.A2  |b Suppl. 566 
072 0 |a X300 
100 1 |a Eiken, Ola. 
245 1 0 |a Responses to dynamic leg exercise in man as influenced by changes in muscle perfusion pressure /  |c by Ola Eiken. 
264 1 |a Oxford [Oxfordshire] ;  |a Boston :  |b Published for the Scandinavian Physiological Society by Blackwell Scientific Publications,  |c 1987. 
300 |a 37 pages :  |b illustrations ;  |c 25 cm. 
336 |a text  |b txt  |2 rdacontent 
337 |a unmediated  |b n  |2 rdamedia 
338 |a volume  |b nc  |2 rdacarrier 
490 1 |a Acta physiologica Scandinavica ;  |v v. 131. Supplementum,  |x 0302-2994 ;  |v 566, 1987 
500 |a On title page: Stockholm, 1987. 
504 |a Bibliography: pages 32-37. 
650 0 |a Exercise  |x Physiological aspects. 
650 0 |a Muscles. 
650 0 |a Blood flow. 
830 0 |a Acta physiologica Scandinavica.  |p Supplementum ;  |v 566. 
999 |a MARS 
999 f f |s cc6b2f2f-7775-375f-a4b1-0cce76b31662  |i 93495d16-a8ea-3a09-990d-e15ea3dfb5af  |t 0 
952 f f |p normal  |a Texas A&M University  |b College Station  |c Sterling C. Evans Library  |d Evans: Library Stacks  |t 0  |e QP1 .A262 no.566  |h Library of Congress classification  |i unmediated -- volume  |m A14811050594 
998 f f |a QP1 .A262 no.566  |t 0  |l Evans: Library Stacks